000 01216cam a2200337 a 4500
999 _c18650
_d18650
001 588369
003 BDDh-ASL
005 20231015025723.0
008 900618s1989 enk b 000 0 eng
010 _a 90166878
020 _a0718827791
040 _aDLC
_cDLC
_dBDDh-ASL
041 _aeng
050 0 0 _aBP195.A5
_bA4613 1989
082 0 0 _a297.01
_220
_bAHM
100 1 _aAhmad, Hazrat Mirza Tahir
_d1928-2003.
_91505
240 1 0 _aMaz̲hab ke nām par k̲h̲ūn.
_lEnglish
245 1 0 _aMurder in the name of Allah /
_cMirza Tahir Ahmad ; translated by Syed Barakat Ahmad.
260 _aCambridge [England] :
_bLutterworth Press,
_c1989.
300 _axiii, 129 p. ;
_c23 cm.
500 _aTranslation of: Maz̲hab ke nām par k̲h̲ūn.
504 _aIncludes bibliographical references (p. 120-129).
600 1 0 _aMaudoodi, Syed Abul ʻAla,
_d1903-1979.
650 0 _aAhmadiyya
_xApologetic works.
650 0 _aReligious tolerance
_xIslam.
650 0 _aViolence
_xReligious aspects
_xIslam.
650 0 _aApostasy
_xIslam.
906 _a7
_bcbc
_corignew
_d2
_encip
_f19
_gy-gencatlg
942 _2ddc
_cBK